[Event "FRA-ch U20"]
[Site "Saint Paul Trois Chateaux"]
[Date "2013.04.29"]
[Round "2"]
[White "Daniel, Antoine"]
[Black "El Archi, Yassir"]
[Result "1-0"]
[WhiteElo "1873"]
[BlackElo "1671"]
[PlyCount "109"]
[EventDate "2013.04.28"]
[EventType "swiss"]
[EventRounds "9"]
[EventCountry "FRA"]
[SourceTitle "CBM 154 Extra"]
[Source "ChessBase"]
[SourceDate "2013.06.25"]
[SourceVersion "2"]
[SourceVersionDate "2013.06.25"]
[SourceQuality "1"]

1. d4 Nf6 2. c4 c5 3. d5 b5 4. b3 g6 5. Bb2 Bg7 6. Nd2 0-0 7. e4 d6 8. Be2 Qa5 9. Qc2 bxc4 10. bxc4 Nbd7 11. Bc3 Qc7 12. Ngf3 Bb7 13. 0-0 e6 14. Ne1 exd5 15. cxd5 Rfe8 16. Bb5 Rab8 17. a4 a6 18. Bxd7 Qxd7 19. Ra3 a5 20. f3 Ba6 21. Nd3 Qc7 22. Rc1 c4 23. Nf2 Qc5 24. Ra2 Rec8 25. Rb2 Nd7 26. Bxg7 Kxg7 27. Qc3+ Kg8 28. Rxb8 Rxb8 29. e5 Nxe5 30. Nde4 Qb6 31. f4 Ng4 32. h3 f5 33. hxg4 fxe4 34. Qf6 Rf8 35. Qe6+ Kg7 36. Qxe4 Qc5 37. Rc3 Qb4 38. Qd4+ Kg8 39. Re3 Qb7 40. g5 Qf7 41. Ng4 Qg7 42. Nf6+ Kh8 43. Rh3 h5 44. f5 Bc8 45. g4 Rf7 46. Qxc4 Rc7 47. gxh5 gxf5 48. Qf4 Rb7 49. h6 Rb1+ 50. Kf2 Qa7+ 51. Re3 Qc5 52. Qc4 Rb2+ 53. Kf3 Bd7 54. Qxc5 dxc5 55. g6 1-0

[Event "La Fere op"]
[Site "La Fere"]
[Date "2010.07.06"]
[Round "5"]
[White "Daniel, Antoine"]
[Black "Barbry, Quentin"]
[Result "1/2-1/2"]
[WhiteElo "1863"]
[BlackElo "1565"]
[PlyCount "105"]
[EventDate "2010.07.03"]
[EventType "swiss"]
[EventRounds "9"]
[EventCountry "FRA"]
[SourceTitle "CBM 137 Extra"]
[Source "ChessBase"]
[SourceDate "2010.09.01"]
[SourceVersion "1"]
[SourceVersionDate "2010.09.01"]
[SourceQuality "1"]

1. e4 e5 2. Nf3 Nc6 3. d4 exd4 4. Nxd4 Bc5 5. Be3 Qf6 6. c3 Nge7 7. f3 d5 8. Nxc6 Qxc6 9. Qb3 0-0 10. Bxc5 Qxc5 11. Nd2 dxe4 12. Nxe4 Qe3+ 13. Be2 Ng6 14. c4 Qxb3 15. axb3 Nf4 16. g3 Nxe2 17. Kxe2 Bf5 18. g4 Bg6 19. Rhd1 Rfe8 20. Ke3 f5 21. gxf5 Bxf5 22. Ra5 Bxe4 23. fxe4 Re7 24. Kf4 Rf8+ 25. Rf5 Rxf5+ 26. Kxf5 Kf7 27. e5 g6+ 28. Ke4 Ke6 29. Rd8 Rd7 30. Rh8 Rf7 31. h3 Re7 32. Ra8 a6 33. Ra7 c6 34. Ra8 Rf7 35. Rb8 Rd7 36. b4 Re7 37. Rc8 Rd7 38. b5 axb5 39. cxb5 cxb5 40. Rc5 Re7 41. Rxb5 Rd7 42. Rb4 Re7 43. Rd4 Rd7 44. Rxd7 Kxd7 45. Kd5 Ke7 46. e6 g5 47. Ke5 h5 48. Kf5 g4 49. hxg4 hxg4 50. Kxg4 Kxe6 51. Kf4 Kd5 52. Ke3 Kc4 53. Kd2 1/2-1/2

[Event "La Fere op 8th"]
[Site "La Fere"]
[Date "2009.07.08"]
[Round "6"]
[White "Genov, Petar"]
[Black "Daniel, Antoine"]
[Result "1-0"]
[WhiteElo "2478"]
[BlackElo "1835"]
[PlyCount "37"]
[EventDate "2009.07.04"]
[EventType "swiss"]
[EventRounds "9"]
[EventCountry "FRA"]
[SourceTitle "CBM 131 Extra"]
[Source "ChessBase"]
[SourceDate "2009.09.03"]
[SourceVersion "2"]
[SourceVersionDate "2009.09.16"]
[SourceQuality "1"]

1. e4 Nf6 2. e5 Nd5 3. d4 Nb6 4. c4 d6 5. exd6 exd6 6. Nc3 Be7 7. Bd3 Nc6 8. Nge2 Bf6 9. Be3 0-0 10. b3 Re8 11. 0-0 Bg4 12. Qd2 d5 13. c5 Nc8 14. h3 Be6 15. f4 g6 16. f5 Bxf5 17. Bxf5 gxf5 18. Rxf5 Rxe3 19. Qxe3 1-0

[Event "Le Touquet op 22nd B"]
[Site "Le Touquet"]
[Date "2007.10.31"]
[Round "6.8"]
[White "Daniel, Antoine"]
[Black "Cossutta, Nello"]
[Result "1/2-1/2"]
[WhiteElo "1779"]
[BlackElo "1640"]
[PlyCount "91"]
[EventDate "2007.10.27"]
[EventType "swiss"]
[EventRounds "9"]
[EventCountry "FRA"]
[SourceTitle "EXT 2024"]
[Source "ChessBase"]
[SourceDate "2023.10.10"]
[SourceVersion "1"]
[SourceVersionDate "2023.10.10"]
[SourceQuality "1"]

1. e4 e6 2. d4 d5 3. exd5 exd5 4. Bd3 Nf6 5. Nf3 Bd6 6. c3 Bg4 7. 0-0 0-0 8. Bg5 Nbd7 9. Nbd2 c6 10. Qc2 Qc7 11. Rfe1 h6 12. Bxf6 Nxf6 13. h3 Bxf3 14. Nxf3 Rfe8 15. Nh4 Rxe1+ 16. Rxe1 Re8 17. Rxe8+ Nxe8 18. Nf5 Bf8 19. Qe2 Nf6 20. Qf3 Qd8 21. Qf4 Ne8 22. Qe3 Nf6 23. Qf3 Qe8 24. Ne3 Ne4 25. Bxe4 Qxe4 26. Qxe4 dxe4 27. Nc4 b6 28. Kf1 f6 29. Ke2 g5 30. Ke3 f5 31. Ne5 c5 32. Nc6 a6 33. Nb8 Bd6 34. Nxa6 Bf4+ 35. Ke2 cxd4 36. cxd4 Bc1 37. b3 f4 38. Nc7 Bb2 39. d5 Be5 40. Nb5 Kf7 41. Na3 Bd6 42. Nc4 Bc5 43. a3 b5 44. Ne5+ Ke7 45. b4 Bb6 46. f3 1/2-1/2

[Event "Le Touquet op 22nd B"]
[Site "Le Touquet"]
[Date "2007.10.31"]
[Round "7.8"]
[White "Le Gall, Louis"]
[Black "Daniel, Antoine"]
[Result "0-1"]
[WhiteElo "1665"]
[BlackElo "1779"]
[PlyCount "52"]
[EventDate "2007.10.27"]
[EventType "swiss"]
[EventRounds "9"]
[EventCountry "FRA"]
[SourceTitle "EXT 2024"]
[Source "ChessBase"]
[SourceDate "2023.10.10"]
[SourceVersion "1"]
[SourceVersionDate "2023.10.10"]
[SourceQuality "1"]

1. e4 Nf6 2. e5 Nd5 3. Nc3 Nb6 4. d4 d6 5. Nf3 Nc6 6. Be3 dxe5 7. dxe5 Bg4 8. Be2 e6 9. 0-0 Be7 10. h3 Bh5 11. Qc1 0-0 12. Ne4 Bxf3 13. Bxf3 Nxe5 14. Bh5 Qd5 15. Nc3 Qd7 16. Rd1 Qc8 17. Bf4 Nc6 18. Rd3 a6 19. Rg3 Kh8 20. Bh6 gxh6 21. Qxh6 Rg8 22. Bxf7 Rxg3 23. fxg3 Bf8 24. Qh5 Qd7 25. Ne4 Qd4+ 26. Kh2 Qxe4 0-1

[Event "La Fere op 6th"]
[Site "La Fere"]
[Date "2007.07.09"]
[Round "3"]
[White "Eeckhout, Jean Louis"]
[Black "Daniel, Antoine"]
[Result "0-1"]
[WhiteElo "1806"]
[BlackElo "1687"]
[PlyCount "46"]
[EventDate "2007.07.07"]
[EventType "swiss"]
[EventRounds "9"]
[EventCountry "FRA"]
[SourceTitle "CBM 119 Extra"]
[Source "ChessBase"]
[SourceDate "2007.09.04"]
[SourceVersion "1"]
[SourceVersionDate "2007.09.04"]
[SourceQuality "1"]

1. d4 Nf6 2. c4 d5 3. Nc3 c6 4. Nf3 Bg4 5. e3 e6 6. a3 Be7 7. Be2 0-0 8. 0-0 Nbd7 9. h3 Bh5 10. Bd2 Qc7 11. cxd5 exd5 12. Rc1 a6 13. b4 Rfe8 14. Qb3 Nb6 15. g4 Bg6 16. g5 Ne4 17. Nxd5 Nxd5 18. Qxd5 Rad8 19. Qa2 Nxg5 20. Nxg5 Bxg5 21. Be1 Rxe3 22. f4 Bxf4 23. Bf2 Bh2+ 0-1

[Event "La Fere op 6th"]
[Site "La Fere"]
[Date "2007.07.08"]
[Round "2"]
[White "Daniel, Antoine"]
[Black "Hutin, Evgueny"]
[Result "0-1"]
[WhiteElo "1687"]
[BlackElo "1910"]
[PlyCount "80"]
[EventDate "2007.07.07"]
[EventType "swiss"]
[EventRounds "9"]
[EventCountry "FRA"]
[SourceTitle "CBM 119 Extra"]
[Source "ChessBase"]
[SourceDate "2007.09.04"]
[SourceVersion "1"]
[SourceVersionDate "2007.09.04"]
[SourceQuality "1"]

1. e4 c5 2. Nc3 e6 3. Nf3 Nc6 4. d4 cxd4 5. Nxd4 Qc7 6. Ndb5 Qb8 7. Be3 Nf6 8. f3 Be7 9. Bc4 0-0 10. 0-0 Rd8 11. Bb3 Na5 12. Qe2 Nxb3 13. axb3 a6 14. Nd4 d5 15. Bf2 dxe4 16. Nxe4 e5 17. Ng3 g6 18. c3 Nd5 19. Nc2 Nf4 20. Qe3 Be6 21. b4 Rd3 22. Qe1 Bb3 23. Ne3 h5 24. Ne2 Nxe2+ 25. Qxe2 Qd6 26. Be1 Bg5 27. Nc2 Bd2 28. Na3 Rd8 29. Bg3 Re3 30. Qf2 Qd3 31. Kh1 g5 32. h3 h4 33. Bh2 Rd7 34. Nb1 Re2 35. Qc5 Be3 36. Qc8+ Rd8 37. Qxb7 Rxg2 38. Na3 Rxb2 39. Rab1 Rxb1 40. Rxb1 Bd5 0-1